Languages by Clue - Statistics

General Stats
  • This quiz has been taken 27 times
  • The average score is 17 of 20
Answer Stats
Hint Answer % Correct
13) Major language across the Middle East as wellas parts of Asia and Africa Arabic
96%
1) Also called the universal language of the skies,as international pilots must know and speak it English
96%
8) Official language of Liechtenstein and Austria German
96%
18) Αθήνα is the capital written in the language Greek
96%
4) The original language of the Roman Empire Latin
96%
2) Has the most native speakers, over 900 million Mandarin
96%
16) First language spoken in space Russian
96%
3) Another major language, spoken across LatinAmerica and the world Spanish
96%
11) The Torah is written in this language Hebrew
88%
5) The official language of Cambodia Khmer
88%
10) Also known as Farsi Persian
88%
7) Bantu language of Eastern Africa, native toTanzania and Kenya Swahili
88%
14) This language is found on Luzon inthe Philippines Tagalog
88%
9) Official language of Andorra Catalan
84%
20) Also called Magyar Hungarian
84%
19) Uralic language spoken by the Suomi people Finnish
80%
17) One of South Africas official languages definedby specific clicks Xhosa
80%
6) In addition to English, Arubans also speak this Dutch
76%
12) Language of the Vikings Old Norse
60%
15) Famous authors like Kalidasa and Naganandawrote in this language Sanskrit
48%
No matching quizzes found
Score Distribution
Percent of People with Each Score
Percentile by Number Answered
Your Score History
You have not taken this quiz